000 00894nam a2200241Ii 4500
003 JO-AjNU
008 230605s9999||||xx |||||||||||||| ||und||
017 _a19/4010
020 _a9960-32-074-X
040 _aJO-AjNU
_bara
_erda
_cJO-AjNU
041 _aara
050 1 4 _aBP173.751.A2296 2000
100 3 _aأحمد، عبد الرحمن يسري,
_eauthor
_928103
245 0 0 _aالإقتصاد الإسلامي بين منهاجية البحث وإمكانية التطبيق
250 _aط2
264 3 1 _aجدة: المعهد الاسلامي للبحوث والتدريب، 2000
300 _a55ص
336 _atext
_btxt
_2rdacontent
337 _aunmediated
_bn
_2rdamedia
338 _avolume
_bnc
_2rdacarrier
490 0 _aسلسلة محاضرات العلماء الفائزين بجائزة البنك 15
650 4 _aالاقتصاد الاسلامي- بحوث
_928104
999 _aA10858
_c14426
_d14426